1854 1282 1159 1312 1575 1122 1478 1807 1240 1387 1967 1405 1557 1918 1969 1448 1485 1776 1230 1675 1537 1846 1915 1522 1954 1984 1016 1202 1635 1188 1846 1425 1366 1976 1289 1401 1447 1842 1900 1517 1273 1774 1889 1863 1095 1125 1688 1272 1751 1651 1898 1866 1299 1707 1071 1052 1724 1634 1803 1134 1547 1840 1811 1288 1359 1601 1991 1602 1174 1490 1532 1590 1369 1868 1720 1069 1263 1501 1020 1635 1729 1636 1702 1010 1547 1122 1042 1335 1937 1582 1205 1924 1561 1541 1214 1962 1411 1663 1836 BCNSPRNW ULIB Ver.6.0+V

เปลี่ยนเป็นภาษาไทย

Change to English
 แสดงรายละเอียดบรรณานุกรม
  กลับหน้าหลัก

Brief Record : Get Marc (ISO 2709) : E-mail record : QR code < ปิดหน้าต่าง
LEADER : 00000nam 2200000uu 4500
001    13399114033
003     ULIB
008    020711s2552 th a 000 0 tha d
020    ^a9786167013206
050  4 ^aPE1128^bค167ฝ
100    ^aครูอ๊ะ อริญญา
110    ^aD ดี
245    ^aฝึกฝนภาษาอังกฤษให้เก่งได้ด้วยตัวเอง = Practical English by yourself/^cครูอ๊ะ อริญญา
250    ^aพิมพ์ครั้งที่ 1
260    ^aกรุงเทพฯ :^bD ดี,^c2552
300    ^a240 หน้า
650    ไวยากรณ์^xการอ่าน คำศัพท์^xไวยากรณ์ภาษาอังกฤษ
945    ^p195^l0^i028939
945    ^p195^l0^i028940
995    ทศพร
999 ^a ทศพร
รายการนี้ยังไม่มีแท็ก
คุณยังไม่ได้ล็อกอิน คุณสามารถมีกิจกรรมร่วมกับเว็บไซต์ได้ แต่ต้องล็อกอินก่อน ::
  ล็อกอิน

รายการสื่อสารสนเทศ

ลำดับที่ ประเภท เลขเรียก/บาร์โค้ด สถานที่ สถานะ
- ไม่พบข้อมูล -

รายการใกล้เคียง
    ผู้แต่ง [ครูอ๊ะ อริญญา]

BibComment


ยังไม่เคยถูกคอมเมนท์

คอมเมนท์ทรัพยากรรายการนี้
  คอมเมนท์: ฝึกฝนภาษาอังกฤษใ..


 Copyright 2026. Bcnsprnw @Library